[Event "COL-ch"]
[Site "Bogota"]
[Date "2018.11.11"]
[Round "8"]
[White "Alvarez Angel, Nelson Eduardo"]
[Black "Caicedo Rodriguez, Santiago Mauricio"]
[Result "1-0"]
[WhiteElo "1854"]
[BlackElo "1569"]
[PlyCount "53"]
[EventDate "2018.11.06"]
[EventType "swiss"]
[EventRounds "9"]
[EventCountry "COL"]
[SourceTitle "CBM 187 Extra"]
[Source "ChessBase"]
[SourceDate "2018.11.04"]
[SourceVersion "1"]
[SourceVersionDate "2018.11.04"]
[SourceQuality "1"]

1. d4 Nf6 2. c4 e6 3. Nc3 Bb4 4. Qc2 0-0 5. Bg5 c5 6. e3 cxd4 7. exd4 h6 8. Bh4 Nc6 9. Nf3 b6 10. Bd3 Bb7 11. 0-0 Rc8 12. Rac1 Na5 13. Nd2 d5 14. cxd5 g5 15. Bg3 Bxc3 16. bxc3 Nxd5 17. Qb2 Nc6 18. Nc4 Ba6 19. Qe2 Bxc4 20. Bxc4 Na5 21. Bd3 Nxc3 22. Qe3 Nd5 23. Qe4 Nf6 24. Rxc8 Qxc8 25. Qf3 Ne8 26. Qh5 f6 27. Qg6+ 1-0

[Event "COL-ch"]
[Site "Bogota"]
[Date "2018.11.09"]
[Round "6"]
[White "Rivera Dussan, Camilo Ernesto"]
[Black "Caicedo Rodriguez, Santiago Mauricio"]
[Result "0-1"]
[WhiteElo "1908"]
[BlackElo "1569"]
[PlyCount "98"]
[EventDate "2018.11.06"]
[EventType "swiss"]
[EventRounds "9"]
[EventCountry "COL"]
[SourceTitle "CBM 187 Extra"]
[Source "ChessBase"]
[SourceDate "2018.11.04"]
[SourceVersion "1"]
[SourceVersionDate "2018.11.04"]
[SourceQuality "1"]

1. d4 Nf6 2. c4 e6 3. Nf3 d5 4. Nc3 c5 5. Bg5 cxd4 6. Nxd4 Bb4 7. Rc1 Nbd7 8. cxd5 exd5 9. e3 Qa5 10. Bxf6 Nxf6 11. Bb5+ Bd7 12. Bxd7+ Nxd7 13. Qg4 g6 14. 0-0 f5 15. Qf4 0-0 16. Ne6 Rfc8 17. Qh6 Bf8 18. Nxf8 Rxf8 19. Ne2 Rac8 20. Rcd1 Qxa2 21. Nf4 Nf6 22. h4 Qxb2 23. Rd4 Rc1 24. Nxg6 hxg6 25. Qxg6+ Kh8 26. Qh6+ Nh7 27. Qe6 Qa1 28. Rxc1 Qxc1+ 29. Kh2 Qc6 30. Qe5+ Qf6 31. Qf4 Rd8 32. g3 Nf8 33. Rb4 Ne6 34. Qf3 Rd7 35. Qh5+ Kg7 36. Qe8 Qe7 37. Qc8 Rc7 38. Rxb7 Rxb7 39. Qc3+ Kf7 40. Qe5 Ng7 41. Qxd5+ Kf8 42. h5 Rd7 43. Qb5 Nxh5 44. Qxf5+ Qf7 45. Qc5+ Kg8 46. Qc8+ Kg7 47. Qc3+ Qf6 48. Qc2 a5 49. Kg1 Rf7 0-1

[Event "COL-ch"]
[Site "Bogota"]
[Date "2018.11.08"]
[Round "4"]
[White "Culma, Ruben"]
[Black "Caicedo Rodriguez, Santiago Mauricio"]
[Result "1-0"]
[WhiteElo "2022"]
[BlackElo "1569"]
[PlyCount "43"]
[EventDate "2018.11.06"]
[EventType "swiss"]
[EventRounds "9"]
[EventCountry "COL"]
[SourceTitle "CBM 187 Extra"]
[Source "ChessBase"]
[SourceDate "2018.11.04"]
[SourceVersion "1"]
[SourceVersionDate "2018.11.04"]
[SourceQuality "1"]

1. d4 Nf6 2. Bf4 d5 3. e3 c5 4. c3 Nc6 5. Nf3 Qb6 6. Qc2 g6 7. Ne5 Nh5 8. Nxc6 Nxf4 9. Ne5 Nh5 10. Qa4+ Kd8 11. Bb5 Be6 12. Na3 Nf6 13. 0-0 Rc8 14. dxc5 Rxc5 15. Rfd1 a6 16. Bf1 Nd7 17. Nxd7 Bxd7 18. Qd4 Rg8 19. b4 Rc6 20. Qxd5 Rd6 21. Qxf7 Be6 22. Qxe6 1-0

[Event "Bogota AlphaZero op"]
[Site "Bogota"]
[Date "2018.08.20"]
[Round "6"]
[White "Caicedo Rodriguez, Santiago Mauricio"]
[Black "Herrera Rincon, Wilene"]
[Result "1-0"]
[WhiteElo "1569"]
[BlackElo "1731"]
[PlyCount "99"]
[EventDate "2018.08.17"]
[EventType "swiss"]
[EventRounds "7"]
[EventCountry "COL"]
[SourceTitle "CBM 186 Extra"]
[Source "ChessBase"]
[SourceDate "2018.08.24"]
[SourceVersion "1"]
[SourceVersionDate "2018.08.24"]
[SourceQuality "1"]

1. e4 c5 2. Nc3 d6 3. g3 Nf6 4. Bg2 g6 5. Nge2 Bg7 6. d3 0-0 7. 0-0 Nc6 8. Bg5 Rb8 9. Qd2 Re8 10. Bh6 Bh8 11. h3 Bd7 12. f4 b5 13. g4 Qb6 14. Kh1 a5 15. Ng3 b4 16. Nd1 Rec8 17. f5 a4 18. fxg6 hxg6 19. g5 Ne8 20. Qf4 Be6 21. h4 Be5 22. Qf2 a3 23. h5 gxh5 24. Nxh5 axb2 25. g6 f6 26. Rb1 c4 27. Qh4 c3 28. Be3 Qa6 29. Nf4 Bxf4 30. Bh3 Qxa2 31. Bxf4 Nd4 32. Qh7+ Kf8 33. Bxe6 Qxe6 34. Qh8+ Qg8 35. Bh6+ Ng7 36. Bxg7+ Ke8 37. Qxg8+ Kd7 38. Qf7 Nxc2 39. Bxf6 Na3 40. Rxb2 cxb2 41. Qxe7+ Kc6 42. Nxb2 Nb5 43. Rc1+ Kb6 44. Rxc8 Rxc8 45. Nc4+ Kc6 46. d4 b3 47. Na5+ Kb6 48. Qb7+ Kxa5 49. Qxc8 b2 50. Qc2 1-0

[Event "Bogota AlphaZero op"]
[Site "Bogota"]
[Date "2018.08.17"]
[Round "1"]
[White "Obando Guzman, Soren Federico"]
[Black "Caicedo Rodriguez, Santiago Mauricio"]
[Result "0-1"]
[WhiteElo "2022"]
[BlackElo "1569"]
[PlyCount "94"]
[EventDate "2018.08.17"]
[EventType "swiss"]
[EventRounds "7"]
[EventCountry "COL"]
[SourceTitle "CBM 186 Extra"]
[Source "ChessBase"]
[SourceDate "2018.08.24"]
[SourceVersion "1"]
[SourceVersionDate "2018.08.24"]
[SourceQuality "1"]

1. d4 Nf6 2. c4 e6 3. Nf3 d5 4. g3 b6 5. Bg2 Be7 6. 0-0 0-0 7. Nc3 Nbd7 8. Ne5 Bb7 9. Bf4 c5 10. Rc1 cxd4 11. Qxd4 Bc5 12. Qd2 Nxe5 13. Bxe5 Ne4 14. Qd3 f6 15. Bf4 Nxc3 16. bxc3 Ba6 17. Qf3 Bxc4 18. Rc2 Qe8 19. Rd1 Qa4 20. Rcd2 e5 21. Be3 e4 22. Qf5 Bxe3 23. fxe3 Rad8 24. Rb1 Rfe8 25. Bh3 Qa3 26. Rc2 Rd6 27. Rbb2 b5 28. Qf4 Red8 29. Bg4 Qc5 30. h4 Ra6 31. Kg2 Qd6 32. Qf1 Qe5 33. Qd1 h5 34. Bh3 Rdd6 35. Kf2 Ra3 36. Qe1 Rda6 37. Qd2 g5 38. Bd7 gxh4 39. gxh4 Qh2+ 40. Kf1 f5 41. Be8 Re6 42. Rxb5 Rxe8 43. Rxd5 Bxd5 44. Qxd5+ Kh8 45. Qf7 Qh1+ 46. Kf2 Qxh4+ 47. Kf1 Rg8 0-1

[Event "COL-ch sf3 U16"]
[Site "Choconta"]
[Date "2018.04.07"]
[Round "5.2"]
[White "Caicedo Rodriguez, Santiago Mauricio"]
[Black "Alvarez Angel, Nelson Eduardo"]
[Result "0-1"]
[WhiteElo "1600"]
[BlackElo "1883"]
[PlyCount "114"]
[EventDate "2018.04.05"]
[EventType "swiss"]
[EventRounds "6"]
[EventCountry "COL"]
[SourceTitle "EXT 2024"]
[Source "ChessBase"]
[SourceDate "2023.10.10"]
[SourceVersion "1"]
[SourceVersionDate "2023.10.10"]
[SourceQuality "1"]

1. e4 c5 2. Nc3 d6 3. g3 Nc6 4. Bg2 g6 5. d3 Bg7 6. Nge2 Rb8 7. h3 Nd4 8. Be3 b5 9. a3 a5 10. Qd2 Nxe2 11. Kxe2 Nf6 12. Bh6 0-0 13. f3 Nh5 14. Kf2 Bd4+ 15. Be3 e5 16. Rab1 Qg5 17. Ne2 f5 18. h4 Bxe3+ 19. Qxe3 Qxe3+ 20. Kxe3 Nxg3 21. Nxg3 f4+ 22. Kf2 fxg3+ 23. Kxg3 Rf4 24. b3 Be6 25. a4 bxa4 26. bxa4 Rb4 27. Rxb4 cxb4 28. c3 b3 29. Rb1 Rf8 30. c4 Rb8 31. Bh3 Bf7 32. Bd7 Rb4 33. Rb2 Kf8 34. f4 Be8 35. Bxe8 Kxe8 36. Kg4 Kd7 37. fxe5 dxe5 38. Kg5 Kd6 39. Kf6 Rb7 40. c5+ Kxc5 41. Kxe5 Kb4 42. d4 Kxa4 43. d5 Ka3 44. Rb1 Ka2 45. Rd1 b2 46. Kf6 b1Q 47. Rxb1 Kxb1 48. e5 a4 49. e6 a3 50. e7 Rxe7 51. Kxe7 a2 52. d6 a1Q 53. d7 Qe5+ 54. Kf7 Qd6 55. Ke8 Qe6+ 56. Kd8 Qf6+ 57. Kc7 Qxh4 0-1

[Event "Bogota sf2 U16"]
[Site "Bogota"]
[Date "2018.03.31"]
[Round "5.14"]
[White "Barrios Gonzalez, Jesus David"]
[Black "Caicedo Rodriguez, Santiago Mauricio"]
[Result "1/2-1/2"]
[WhiteElo "1538"]
[BlackElo "1570"]
[PlyCount "51"]
[EventDate "2018.03.29"]
[EventType "swiss"]
[EventRounds "6"]
[EventCountry "COL"]
[SourceTitle "EXT 2024"]
[Source "ChessBase"]
[SourceDate "2023.10.10"]
[SourceVersion "1"]
[SourceVersionDate "2023.10.10"]
[SourceQuality "1"]

1. e4 e5 2. Nf3 Nf6 3. Nxe5 d6 4. Nf3 Nxe4 5. Qe2 Qe7 6. d3 Nf6 7. h3 h6 8. Nc3 Qxe2+ 9. Bxe2 Be7 10. Bf4 Nc6 11. a3 Be6 12. g4 Nd5 13. Nxd5 Bxd5 14. c4 Bxf3 15. Bxf3 Nd4 16. Bd1 Bg5 17. Be3 Bf6 18. 0-0 0-0 19. Rb1 a5 20. Kg2 a4 21. Bxd4 Bxd4 22. Re1 Rfe8 23. Rxe8+ Rxe8 24. Kf1 Re6 25. f3 Re3 26. Be2 1/2-1/2

[Event "Bogota sf2 U16"]
[Site "Bogota"]
[Date "2018.03.31"]
[Round "4.9"]
[White "Caicedo Rodriguez, Santiago Mauricio"]
[Black "Foronda Tovar, Carlos Andres"]
[Result "0-1"]
[WhiteElo "1570"]
[BlackElo "1482"]
[PlyCount "106"]
[EventDate "2018.03.29"]
[EventType "swiss"]
[EventRounds "6"]
[EventCountry "COL"]
[SourceTitle "EXT 2024"]
[Source "ChessBase"]
[SourceDate "2023.10.10"]
[SourceVersion "1"]
[SourceVersionDate "2023.10.10"]
[SourceQuality "1"]

1. e4 e5 2. Nf3 Nc6 3. Bb5 Bc5 4. 0-0 Nge7 5. Nxe5 Nxe5 6. d4 Nf3+ 7. gxf3 Bb6 8. c4 c6 9. Ba4 Bc7 10. Bg5 0-0 11. Qd2 f6 12. Bh4 Ng6 13. Bg3 d6 14. f4 Bh3 15. Re1 Kh8 16. f5 Ne7 17. f3 d5 18. cxd5 cxd5 19. Nc3 dxe4 20. fxe4 Rc8 21. Bxc7 Qxc7 22. Nb5 Qb6 23. Re3 Bg4 24. Rc3 Rcd8 25. Nc7 Rxd4 26. Qe3 Rxa4 27. Qxb6 axb6 28. Ne6 Re8 29. h3 Bh5 30. Rg3 g6 31. e5 fxe5 32. f6 Kg8 33. Nc7 Nf5 34. Rb3 Rc8 35. Nd5 Rd4 36. Ne7+ Nxe7 37. fxe7 Rd7 38. Rxb6 Rxe7 39. b4 e4 40. a4 e3 41. b5 e2 42. Re1 Ra8 43. Rd6 Rxa4 44. b6 Rh4 45. Kh2 Rf7 46. Kg3 Rhf4 47. Ra1 Rf1 48. Ra8+ Kg7 49. Re6 e1Q+ 50. Rxe1 Rxe1 51. h4 Rf3+ 52. Kh2 Re2+ 53. Kg1 Bg4 0-1

[Event "Bogota sf2 U16"]
[Site "Bogota"]
[Date "2018.03.30"]
[Round "3.5"]
[White "Nino, Jesus Camilo"]
[Black "Caicedo Rodriguez, Santiago Mauricio"]
[Result "1-0"]
[WhiteElo "1397"]
[BlackElo "1570"]
[PlyCount "61"]
[EventDate "2018.03.29"]
[EventType "swiss"]
[EventRounds "6"]
[EventCountry "COL"]
[SourceTitle "EXT 2024"]
[Source "ChessBase"]
[SourceDate "2023.10.10"]
[SourceVersion "1"]
[SourceVersionDate "2023.10.10"]
[SourceQuality "1"]

1. e4 e5 2. Nf3 Nf6 3. Nxe5 d6 4. Nf3 Nxe4 5. Nc3 Nxc3 6. dxc3 Be7 7. Bd3 Nc6 8. h3 Be6 9. Be3 Bf6 10. Qd2 h6 11. 0-0-0 Qd7 12. Kb1 Na5 13. Nd4 Bxd4 14. Bxd4 Kf8 15. c4 Nc6 16. Bc3 f6 17. Rhe1 Qf7 18. b3 Ne5 19. Be4 g6 20. Bxe5 fxe5 21. Bxb7 Rb8 22. Bd5 Ke7 23. f4 Bxd5 24. cxd5 Qf6 25. fxe5 dxe5 26. Rxe5+ Qxe5 27. Re1 Qxe1+ 28. Qxe1+ Kf6 29. Qe6+ Kg5 30. Qe7+ Kh5 31. g4# 1-0

[Event "COL-ch Amateur U1700"]
[Site "Bogota"]
[Date "2018.02.16"]
[Round "3.29"]
[White "Gomez Leon, Nicolas"]
[Black "Caicedo Rodriguez, Santiago Mauricio"]
[Result "0-1"]
[WhiteElo "1296"]
[BlackElo "1570"]
[PlyCount "94"]
[EventDate "2018.02.15"]
[EventType "swiss"]
[EventRounds "7"]
[EventCountry "COL"]
[SourceTitle "EXT 2024"]
[Source "ChessBase"]
[SourceDate "2023.10.10"]
[SourceVersion "1"]
[SourceVersionDate "2023.10.10"]
[SourceQuality "1"]

1. d4 Nf6 2. Bf4 e6 3. Nf3 c5 4. c3 Nc6 5. h3 d5 6. e3 Bd6 7. Bxd6 Qxd6 8. Bd3 c4 9. Bc2 Bd7 10. Nbd2 h6 11. 0-0 0-0 12. b3 b5 13. bxc4 bxc4 14. Rb1 Qa3 15. Rb7 Rfb8 16. Rxb8+ Rxb8 17. Qa1 Rb2 18. Nb1 Qxa2 19. Qxa2 Rxa2 20. Rc1 a5 21. e4 a4 22. e5 Ne8 23. Nbd2 Na5 24. Bd1 Nb3 25. Rc2 Ra1 26. Nf1 Rxd1 27. Ra2 Ra1 28. Rxa1 Nxa1 29. N1d2 Nc2 30. Nb1 a3 31. Nxa3 Nxa3 32. Kf1 Nc7 33. Ke1 Ncb5 34. Kd2 Nb1+ 35. Ke3 N5xc3 36. Ne1 Ba4 37. f4 Nd1+ 38. Kf3 Nb2 39. g4 c3 40. f5 c2 41. Nxc2 Bxc2 42. Kf4 g5+ 43. fxg6 fxg6 44. h4 h5 45. gxh5 gxh5 46. Kg5 Bd1 47. Kf6 Bg4 0-1

[Event "Bogota Navidad op"]
[Site "Bogota"]
[Date "2016.12.11"]
[Round "8"]
[White "Duran, Mauricio"]
[Black "Caicedo Rodriguez, Santiago Mauricio"]
[Result "0-1"]
[WhiteElo "1760"]
[BlackElo "1564"]
[PlyCount "94"]
[EventDate "2016.12.07"]
[EventType "swiss"]
[EventRounds "9"]
[EventCountry "COL"]
[SourceTitle "CBM 176 Extra"]
[Source "ChessBase"]
[SourceDate "2017.03.02"]
[SourceVersion "1"]
[SourceVersionDate "2017.03.02"]
[SourceQuality "1"]

1. Nf3 d5 2. d4 Nf6 3. e3 Bf5 4. c4 e6 5. Nc3 Nbd7 6. Bd3 Bxd3 7. Qxd3 dxc4 8. Qxc4 Nb6 9. Qe2 Be7 10. a3 c6 11. b4 Rc8 12. Bb2 Nbd5 13. 0-0 0-0 14. Rfc1 Nxc3 15. Bxc3 Qd5 16. Rc2 Ne4 17. Bb2 a5 18. bxa5 Qxa5 19. Ne5 Ra8 20. a4 Bb4 21. Nd3 Bc3 22. f3 Bxb2 23. Rxb2 Nc3 24. Qd2 b5 25. Rc2 Nxa4 26. Qxa5 Rxa5 27. Rxc6 Rb8 28. Nb4 Raa8 29. Rb1 Kf8 30. Kf2 Ke7 31. e4 Rc8 32. Rxc8 Rxc8 33. Na6 Nc3 34. Rb3 Ra8 35. Nc7 Ra2+ 36. Kg3 Ne2+ 37. Kh3 Nxd4 38. Rb4 Ra4 39. Rb2 Ra7 40. Nxb5 Rb7 41. Nxd4 Rxb2 42. e5 Rd2 43. Nb3 Re2 44. Nd4 Rd2 45. Nc6+ Kd7 46. Nb4 Kc7 47. Na6+ Kb6 0-1